| 000 | 01095cam a22003253a 4500 | ||
|---|---|---|---|
| 001 | 1027 | ||
| 005 | 20230815152724.0 | ||
| 008 | 120310s1986 nyu jd 000 1 eng d | ||
| 020 | _a0590339508 (pbk.) | ||
| 020 | _a9780590224734 | ||
| 020 | _a9780590339506 (pbk.) | ||
| 040 |
_aZRS _cZRS _dZRS _dOCLCG _dDLC _beng |
||
| 050 | 0 | 0 | _aPZ7.M3567585 |
| 082 | _aFic | ||
| 100 | 1 |
_aMartin, Ann M., _d1955- |
|
| 245 | 1 | 0 |
_aKristy's great idea / _cAnn M. Martin. |
| 260 |
_aNew York : _bScholastic, _c1986. |
||
| 300 |
_a153 pages : _c20 cm |
||
| 490 | 0 | _aApple paperbacks | |
| 490 | 0 | _aApple fiction | |
| 490 | 0 | _aAn Apple paperback | |
| 490 | 1 |
_aThe Baby-sitters Club ; _v#1 |
|
| 505 | _aP | ||
| 520 | _aFollows the adventures of Kristy and the other members of the Baby-sitters Club as they deal with crank calls, uncontrollable two-year-olds, wild pets, and parents who do not always tell the truth. | ||
| 521 |
_a640
_bLexile |
||
| 521 |
_aP
_bRaz-Plus |
||
| 655 | 7 |
_aChildren's stories. _2lcsh |
|
| 906 |
_a7 _bcbc _ccopycat _d2 _encip _f20 _gy-genrareb |
||
| 942 |
_2ddc _cBK _n0 |
||
| 999 |
_c1027 _d1027 |
||